Sports Quiz

Random Sports or NHL Quiz

Stanley Cup Finals Since 2000 Quiz Stats

 Plays Quiz Updated May 27, 2018

Challenge
Share
Tweet
Embed
Score 0/21 Timer 02:00
10 Plays Today
% Correct
???
83.4%
???
82.8%
???
80.6%
???
74.3%
???
73.1%
???
72.8%
???
66.6%
???
66.1%
???
63.9%
???
61.4%
???
60.4%
% Correct
???
59.1%
???
55%
???
53.4%
???
52.7%
???
51.7%
???
47.1%
???
46.5%
???
43.5%
???
39.3%
???
16.7%

You're not logged in!

Compare scores with friends on all Sporcle quizzes.
OR
Log In

You Might Also Like...

Show Comments

Extras

Top Quizzes Today


Score Distribution

Your Account Isn't Verified!

In order to create a playlist on Sporcle, you need to verify the email address you used during registration. Go to your Sporcle Settings to finish the process.

Report this User

Report this user for behavior that violates our Community Guidelines.

Details: